Древний Хорезм. Опыт историко-археологического исследования.

Dades bibliogràfiques
Autor principal: Толстов С. П.
Autor corporatiu: Московский государственный университет им. М. В. Ломоносова (МГУ)
Idioma:rus
Publicat: Москва, Изд. МГУ, 1948
Matèries:
Format: MixedMaterials Llibre
KOHA link:https://koha.lib.tpu.ru/cgi-bin/koha/opac-detail.pl?biblionumber=180007

MARC

LEADER 00000nam0a2200000 4500
001 180007
005 20231031170626.0
035 |a (RuTPU)RU\TPU\book\195141 
090 |a 180007 
100 |a 20100505d1948 km y0rusy50 ca 
101 0 |a rus 
102 |a RU 
105 |a a z 001zy 
200 1 |a Древний Хорезм. Опыт историко-археологического исследования.  |f С. П. Толстов  |g Московский государственный университет им. М. В. Ломоносова (МГУ) 
210 |a Москва  |c Изд. МГУ  |d 1948 
215 |a 352 с.  |c 87л. ил. 
320 |a Библиография в примечаниях. 
610 1 |a история 
610 1 |a этнография 
610 1 |a Средняя Азия 
610 1 |a Древний мир 
610 1 |a хорезмийцы 
610 1 |a Хорезм 
686 |a Т3(5)  |v LBC/SL-A  |2 rubbk 
686 |a Т52(2)  |v LBC/SL-A  |2 rubbk 
700 1 |a Толстов  |b С. П. 
712 0 2 |a Московский государственный университет им. М. В. Ломоносова (МГУ)  |2 stltpush  |3 (RuTPU)RU\TPU\col\7 
801 1 |a RU  |b 63413507  |c 20100505 
801 2 |a RU  |b 63413507  |c 20110207  |g RCR 
942 |c BK